书目信息 |
| 题名: |
装饰装修工程施工技术
|
|
| 作者: | 许炳权 主编 | |
| 分册: | ||
| 出版信息: | 武汉 中国建材工业出版社 2003.03 |
|
| 页数: | 327页 | |
| 开本: | 26cm | |
| 丛书名: | ||
| 单 册: | ||
| 中图分类: | TU767-43 | |
| 科图分类: | ||
| 主题词: | 建筑工程--工程施工 | |
| 电子资源: | ||
| ISBN: | 7-80159-290-5 | |
| 000 | 00590nam0 2200193 45 | |
| 001 | 0352514761 | |
| 005 | 2003031014351475 | |
| 010 | @a7-80159-290-5@dCNY 36.00 | |
| 100 | @a20030310d2003 km y0chiy0120 ea | |
| 101 | 0 | @achi |
| 102 | @aCN@b420000 | |
| 200 | 1 | @a装饰装修工程施工技术@Azhuang shi zhuang xiu gong cheng shi gong ji shu@f许炳权主编@FXu Bing Quan Zhu Bian |
| 210 | @a武汉@c中国建材工业出版社@d2003.03 | |
| 215 | @a327页@d26cm | |
| 606 | 0 | @a建筑工程@x工程施工 |
| 690 | @aTU767-43@v3 | |
| 701 | 0 | @a许炳权@AXu Bing Quan@4主编 |
| 801 | 0 | @aCN@bPFT@c20030310 |
| 905 | @dTU767-43@eX855 | |
| 装饰装修工程施工技术/许炳权主编.-武汉:中国建材工业出版社,2003.03 |
| 327页;26cm |
| ISBN 7-80159-290-5:CNY 36.00 |
| ● |
| 相关链接 |
|
|
|
正题名:装饰装修工程施工技术
索取号:TU767-43/X855
 
预约/预借
| 序号 | 登录号 | 条形码 | 馆藏地/架位号 | 状态 | 备注 |
| 1 | 372118 | 203721188 | 建筑库201/201建筑库 47排2列4层/ [索取号:TU767-43/X855] | 在馆 | |
| 2 | 372119 | 203721197 | 建筑库201/201建筑库 47排2列4层/ [索取号:TU767-43/X855] | 在馆 | |
| 3 | 372120 | 203721204 | 建筑库201/201建筑库 47排2列4层/ [索取号:TU767-43/X855] | 在馆 |